• 首页
  • 本馆介绍
  • 公告通知
  • 最新文献
  • 馆藏检索
  • 电子资源
  • 读者导购
  • 参考咨询
  • 我的图书馆
  • 登录
  • 详细信息显示
  • 放入我的书架
  • 预约/预借图书
  • 作者相关作品
  • 分类相关作品
  • 丛书相关作品
  • 出版社相关作品

书目信息

  • 表格格式
  • 工作单格式
  • 卡片格式
题名:
希腊文化史
    
 
作者: 刘增泉 著
分册:  
出版信息: 长春   吉林出版集团有限责任公司  2015
页数: 462页
开本: 23cm
丛书名: 史家名著书系
单 册:
中图分类: K125
科图分类:
主题词: 文化史--古希腊
电子资源:
ISBN: 978-7-80762-808-8
000 01006nam0 2200289 450
001 339646
005 20150608155433.57
010    @a978-7-80762-808-8@dCNY60.00
100    @a20091028d2008 em y0chiy50 ea
101 0  @achi
102    @aCN@b220000
105    @aa z 000yy
106    @ar
200 1  @a希腊文化史@Axi la wen hua shi@d= Cultural history of Greek@f刘增泉著@zeng
205    @a第2版
210    @a长春@c吉林出版集团有限责任公司@d2015
215    @a462页@c彩图@d23cm
225 2  @a史家名著书系
305    @a(台湾)五南图书出版股份有限公司授权出版
330    @a本书深度挖掘古希腊各领域文化的发展, 将一个完整的文化演变过程展现在读者的眼前。内容包括阿卡曼侬的统治、多利斯人的入侵、早期希腊文化、古典时期的希腊文化、亚历山大帝国的解体等。
410  0 @12001 @a史家名著书系
510 1  @aCultural history of Greek@zeng
606 0  @a文化史@x古希腊
690    @aK125@v5
701  0 @a刘增泉@Aliu zeng quan@c(西洋史博士)@4著
801  0 @aCN@b卓展宏图@c20150525
905    @dK125@e210=2@f4
    
    希腊文化史= Cultural history of Greek/刘增泉著.-第2版.-长春:吉林出版集团有限责任公司,2015
    462页:彩图;23cm.-(史家名著书系)
    
    
    ISBN 978-7-80762-808-8:CNY60.00
    本书深度挖掘古希腊各领域文化的发展, 将一个完整的文化演变过程展现在读者的眼前。内容包括阿卡曼侬的统治、多利斯人的入侵、早期希腊文化、古典时期的希腊文化、亚历山大帝国的解体等。
●
相关链接 在E读中查询图书 在五车中查询图书 在当当中查询图书 在豆瓣中查询图书


正题名:希腊文化史     索取号:K125/210=2         预约/预借

序号 登录号 条形码 馆藏地/架位号 状态 备注
1 863489   208634897   第二样本阅览室/ [索取号:K125/210=2] 在馆    
2 863490   208634904   史法系资料室/ [索取号:K125/210=2] 在馆    
3 863491   208634913   第二借阅区/ [索取号:K125/210=2] 在馆    
4 863492   208634922   第二借阅区/ [索取号:K125/210=2] 在馆    
唐山师范学院图书馆 欢迎您!
大连网信软件有限公司© 版权所有